| 000 | 00513nam a22002057a 4500 | ||
|---|---|---|---|
| 003 | Nust | ||
| 005 | 20210811154251.0 | ||
| 008 | 170118b xxu||||| |||| 00| 0 eng d | ||
| 020 | _a818574999 X | ||
| 038 | _akhadija | ||
| 040 | _cc | ||
| 082 |
_a658.4013 _bARO |
||
| 100 |
_aArora, K. C. _981440 |
||
| 245 |
_aTotal Quality Management\ _cK. C. Arora |
||
| 260 |
_aNew Delhi : _bS.K kataria & Sons, _c2010. |
||
| 300 |
_a1316 p. ; _c24 cm. |
||
| 500 | _apaperback. | ||
| 563 | _aPAPER BACK | ||
| 942 |
_cBK _2ddc |
||
| 999 |
_c32126 _d32126 |
||